| 000 | 01253nam a2200361 a 4500 | ||
|---|---|---|---|
| 999 |
_c7565 _d7565 |
||
| 001 | 991048896989706706 | ||
| 003 | OSt | ||
| 005 | 20211220110624.0 | ||
| 008 | 070614s2007 spc|||||| 000 ||cat | ||
| 015 |
_aLL2007 _2bnc |
||
| 017 |
_aDL B. 24669-2008 _bBiblioteca de Catalunya |
||
| 035 | _a(ES-BaCBU).b37546296 | ||
| 040 |
_aES-BaBC _bcat _cCDMR |
||
| 041 | 0 |
_acat _aspa |
|
| 043 |
_ae-sp--- _be-spc-- _2catmarc _ae------ |
||
| 080 | _a327:316.65(4-6:467.1)(079.3) | ||
| 080 | _a316.65:327(4-6:467.1)(079.3) | ||
| 245 | 0 | 0 |
_aAgence Europe : Ferdinando Riccardi, Marina Gazzo, Lidia Gazzo _b: Premi a la "Trajectòria europeista" : III edició, 2008 |
| 260 |
_a[Barcelona : _bOficina del Parlament Europeu a Barcelona], _cDL 2008 |
||
| 300 |
_a38 p. ; _c20 x 20 cm |
||
| 546 | _aTextos en català i castellà | ||
| 600 | 0 |
_aRiccardi, Ferdinando _2lemac _94770 |
|
| 600 | 0 |
_aGazzo, Marina _94771 |
|
| 600 | 0 |
_aGazzo, Lidia _94772 |
|
| 610 | 2 | 7 |
_aUnió Europea _zCatalunya. _2lemac |
| 610 | 0 |
_aAgence Europe _94769 |
|
| 710 | 2 | _aAssociació de Periodistes Europeus de Catalunya. | |
| 751 | _0europa | ||
| 907 |
_a.b37546296 _b16-02-21 _c12-05-08 _d07-05-08 _em _fa _g- _hcat _ispc _j0 _k1 |
||
| 908 | _aBC | ||
| 940 | _aBC | ||
| 942 |
_2udc _cFULLET |
||